LEADER 01778nam a2200301 i 4500 001 000000259131 003 CaOOAMICUS 005 20180705000000.0 008 180705s2018 it u000 u spa u 013 $a238039 020 $a978-88-7839-385-1 040 $aSeMil$bita 100 1 $aMoreno Cubides, Wilson <1981- >.$0(OLS)http://semarc/name/94643 245 10$aÚnico sujeto-Iglesia :$bsu comprensión en el discurso de Benedicto 16. a la curia romana del 22 de diciembre de 2005, desde la obra teológica de Joseph Ratzinger /$cWilson Moreno Cubides. 260 $aRoma :$bPontificia Università Gregoriana,$c2018. 300 $a508 p. ;$c24 cm. 490 0 $aTesi Gregoriana. Serie Teologia ;$v238 650 4$aRatzinger, Joseph - Pensiero teologico.$0(OLS)http://semarc/subject/17184 650 4$aBenedetto XVI - Scritti e discorsi.$0(OLS)http://semarc/subject/2709 650 4$aBenedetto XVI - Ecclesiologia.$0(OLS)http://semarc/subject/46398 650 4$aConcilio Vaticano II <1962-1965> - Influssi [di] Joseph Ratzinger.$0(OLS)http://semarc/subject/42035 830 0$aTesi Gregoriana. Serie Teologia ;$v238.$0(OLS)http://semarc/title/351 850 $aSeMil 852 $aSeMil$W1$xVenegono$y1$m2M VI 338$j209476$B209476$CSeMilBibl$Z2$F223147 $81 961 $aSottoscrizione: Pontificia Università Gregoriana 996 $6020$a978-88-7839-385-1$9(OLS)http://semarc/number/284737 996 $6245$aÚnico sujeto-Iglesia :$bsu comprensión en el discurso de Benedicto 16. a la curia romana del 22 de diciembre de 2005, desde la obra teológica de Joseph Ratzinger$9(OLS)http://semarc/title/413957 996 $6260$aRoma :$bPontificia Università Gregoriana$9(OLS)http://semarc/publisher/29750 LEADER 01469nam a2200277 i 4500 001 000000077865 003 CaOOAMICUS 005 20161228000000.0 008 161228s1777 it u000 u ita u 013 $a50102 026 $asire I.ta sae- sifr (7) 1777 (R) 040 $aSeMil$bita 245 10$aNotizie della santa casa di Maria Vergine venerata in Loreto raccolte dal sig. d. Antonio Lucidi ... aggiuntivi tutti i preziosi doni, che conservansi nel suo tesoro .. 250 $aE più in questa ultima impressione ornate di varj disegni, e diligentemente corrette. 260 $aLoreto :$bNella Stamperia di Federico Sartorj,$c1777. 300 $a96 p., [5] carte di tav. ripieg. :$bill. ;$c12°. 500 $aFront. in cornice xilogr. - Segn.: A-D12. 650 4$aLoreto - Santuario della Santa Casa.$0(OLS)http://semarc/subject/10478 700 1 $aSartori, Federico .$0(OLS)http://semarc/name/40610 700 1 $aLucidi, Antonio.$0(OLS)http://semarc/name/90976 850 $aSeMil 852 $aSeMil$W1$xVenegono$y1$m3P I 63 FA$j43936$B43936$CSeMilBibl$Z2$F45461 $8I 941 1 $a10 961 $aRecupero: Mantegazza 996 $6245$aNotizie della santa casa di Maria Vergine venerata in Loreto raccolte dal sig. d. Antonio Lucidi ... aggiuntivi tutti i preziosi doni, che conservansi nel suo tesoro ..$9(OLS)http://semarc/title/402816 996 $6260$aLoreto :$bNella Stamperia di Federico Sartorj$9(OLS)http://semarc/publisher/56309